| 000 | 00658nam a2200301Ia 4500 | ||
|---|---|---|---|
| 005 | 20260401122314.0 | ||
| 008 | 008 250103s9999 xx 000 0 eng d | ||
| 020 | _a9788172236533 | ||
| 037 | _aTB | ||
| 040 | _aEDL | ||
| 040 | _beng | ||
| 040 | _cEDL | ||
| 041 | _2eng | ||
| 041 | _aeng | ||
| 084 | _aIn823.3 BAG | ||
| 084 | _qEDL | ||
| 100 |
_aBagchi, Amitabha _91233188 |
||
| 245 | 0 | _aAbove Average | |
| 245 | 0 | _cBagchi, Amitabha | |
| 260 | _aIndia | ||
| 260 | _bHarperCollins Publishers | ||
| 260 | _c2007 | ||
| 300 | _a305p | ||
| 942 | _cTB | ||
| 942 | _hIn823.3 BAG | ||
| 999 |
_c1846383 _d1846383 |
||